00305nam a2200097Ia 4500082001600000245004100016260003200057300001400089500007300103710003100176 aRR 025 WOR- 0aWorld book fair 2010: fair directory aNew Delhibthe authorc2010 a1iii, 246 acontents: 19th World Book Fair held on 2010: January 30- February 07 aNational Book Trust, India